ARRUPE JESUIT UNIVERSITY

CORONAVIRUS -STOP THE SPREAD - CLEAN,DISINFECT,COVER

Writing degree zero / (Record no. 118944)

MARC details
000 -LEADER
fixed length control field 02436cam a2200385 a 4500
001 - CONTROL NUMBER
control field 16991449
003 - CONTROL NUMBER IDENTIFIER
control field ARRUPE
005 - DATE AND TIME OF LATEST TRANSACTION
control field 20131203133032.0
008 - FIXED-LENGTH DATA ELEMENTS--GENERAL INFORMATION
fixed length control field 111006s2012 nyu 000 0 eng d
010 ## - LIBRARY OF CONGRESS CONTROL NUMBER
LC control number 2011940622
020 ## - INTERNATIONAL STANDARD BOOK NUMBER
International Standard Book Number 9780374532352 (pbk.)
020 ## - INTERNATIONAL STANDARD BOOK NUMBER
International Standard Book Number 0374532354 (pbk.)
035 ## - SYSTEM CONTROL NUMBER
System control number (OCoLC)ocn780302569
040 ## - CATALOGING SOURCE
Original cataloging agency ORX
Transcribing agency ORX
Modifying agency YDXCP
-- BWX
-- DLC
041 1# - LANGUAGE CODE
Language code of text/sound track or separate title eng
Language code of original and/or intermediate translations of text fre
042 ## - AUTHENTICATION CODE
Authentication code lccopycat
050 00 - LIBRARY OF CONGRESS CALL NUMBER
Classification number PN203
Item number .B3 2012
082 04 - DEWEY DECIMAL CLASSIFICATION NUMBER
Classification number 808.02
Edition number 21
300 ## - PHYSICAL DESCRIPTION
Dimensions 21 cm.
100 1# - MAIN ENTRY--PERSONAL NAME
Personal name Barthes, Roland.
9 (RLIN) 4729
240 10 - UNIFORM TITLE
Uniform title <a href="Degré zéro de l'écriture.">Degré zéro de l'écriture.</a>
Language of a work English
245 10 - TITLE STATEMENT
Title Writing degree zero /
Statement of responsibility, etc Roland Barthes ; translated from the French by Annette Lavers and Colin Smith.
250 ## - EDITION STATEMENT
Edition statement Pbk. ed.
260 ## - PUBLICATION, DISTRIBUTION, ETC. (IMPRINT)
Place of publication, distribution, etc New York :
Name of publisher, distributor, etc Hill and Wang,
Date of publication, distribution, etc 2012.
300 ## - PHYSICAL DESCRIPTION
Extent xxii, 88 p. ;
500 ## - GENERAL NOTE
General note Originally published in French in 1953 by Éditions du Seuil, France, as Le degré zéro de l'écriture.
505 0# - FORMATTED CONTENTS NOTE
Formatted contents note What is writing? -- Political modes of writing -- Writing and the novel -- Is there any poetic writing? -- The triumph and break-up of bourgeois writing -- Style as craftmanship -- Writing and revolution -- Writing and silence -- Writing and speech -- The Utopia of language.
520 ## - SUMMARY, ETC.
Summary, etc "Is there any such thing as revolutionary literature? Can literature, in fact, be political at all? These are the questions Roland Barthes addresses in Writing Degree Zero, his first published book and a landmark in his oeuvre. The debate had engaged the European literary community since the 1930s; with this fierce manifesto, Barthes challenged the notion of literature's obligation to be socially committed. Yes, Barthes allows, the writer has a political and ethical responsibility. But the history of French literature shows that the writer has often failed to meet it--and from Barthes's perspective, literature is committed to little more than the myth of itself. Expert and uncompromising, Writing Degree Zero introduced the themes that would soon establish Barthes as one of the leading voices in literary criticism."--P. [4] of cover.
650 #0 - SUBJECT ADDED ENTRY--TOPICAL TERM
Topical term or geographic name as entry element Style, Literary.
9 (RLIN) 4730
650 #0 - SUBJECT ADDED ENTRY--TOPICAL TERM
Topical term or geographic name as entry element French literature
General subdivision History and criticism.
9 (RLIN) 4731
700 1# - ADDED ENTRY--PERSONAL NAME
Personal name Lavers, Annette.
9 (RLIN) 4732
700 1# - ADDED ENTRY--PERSONAL NAME
Personal name Smith, Colin.
9 (RLIN) 4733
906 ## - LOCAL DATA ELEMENT F, LDF (RLIN)
a 7
b cbc
c copycat
d 2
e epcn
f 20
g y-gencatlg
942 ## - ADDED ENTRY ELEMENTS (KOHA)
Source of classification or shelving scheme Library of Congress Classification
Koha item type Monograph ( Printed materials)
Holdings
Withdrawn status Lost status Source of classification or shelving scheme Damaged status Not for loan Home library Current library Shelving location Date acquired Total Checkouts Full call number Barcode Date last seen Price effective from Koha item type
    Library of Congress Classification     ARRUPE LIBRARY ARRUPE LIBRARY Main Collection 03/12/2013   PN203 .B3 2012 464123672 27/03/2019 03/12/2013 Monograph ( Printed materials)

 

Arrupe Library. PO Box MP320 Mt Pleasant, Harare, Zimbabwe
263 242 745411|librarian@aju.ac.zw